Quiz o Cieszanowie - Statystyki

Ogólne statystyki
  • Ten quiz został rozwiązany 7 razy
  • Średni wynik to 6 z 15
Statystyki odpowiedzi
Pytanie Odpowiedź % Poprawnych
Jak nazywa się coroczny festiwal muzyczny organizowany w Cieszanowie? Cieszanów Rock Festiwal
57%
Kogo przedstawia pomnik w Parku Miejskim w Cieszanowie? Józefa Piłsudskiego
57%
Jaką nazwę nosi rzeka przepływająca przez Cieszanów? Lubaczówka
57%
Jak nazywa się lokalny klub sportowy Cieszanowa? Start Cieszanów
57%
Kto był założycielem miasta Cieszanów? Stanisław Żółkiewski
43%
Jak nazywa się rezerwat przyrody, w którym chronione są torfowiska w pobliżu Cieszanowa? Torfa
43%
W którym wieku Cieszanów został poważnie zniszczony przez pożar? XIX
43%
W którym wieku Cieszanów otrzymał prawa miejskie? XVI
43%
Która armia zajęła Cieszanów we wrześniu 1939 roku? Armia Czerwona
29%
Pod czyim wezwaniem jest główny kościół parafialny w Cieszanowie? św. Wojciecha
29%
Jakie imię nosi najstarszy dzwon w głównym kościele parafialnym w Cieszanowie? Wojciech
29%
Który polski król zatwierdził nadanie praw miejskich Cieszanowowi? Zygmunt III Waza
29%
Jak nazywa się lokalne czasopismo wydawane w Cieszanowie? Cieszanowski Biuletyn Informacyjny
14%
Jaką nazwę nosi rezerwat przyrody znajdujący się w pobliżu Cieszanowa? Sołokija
14%
Który znany historyk opisał bitwę pod Cieszanowem w 1914 roku? Tadeusz Jurga
14%
Nie znaleziono quizów pasujących do podanych kryteriów
Rozkład punktacji
Procent ludzi z każdym wynikiem
Percentyl według liczby udzielonych odpowiedzi
Twoja historia wyników
Nie rozwiązałeś tego quizu